All country by the highest point/altitude ranking - Statistics

General Stats
  • This quiz has been taken 404 times
  • The average score is 76 of 196
Answers on the Map
Answers color-coded by a green-red scale on the quiz's map according to % correct below.
 
Answer Stats
Hint Highest point Answer % Correct
N 8849 Nepal
100%
C 8849 China
99%
B 7570 Bhutan
96%
I 8586 India
96%
P 8614 Pakistan
96%
A 7492 Afghanistan
91%
K 7439 Kyrgyzstan
91%
T 7495 Tajikistan
91%
K 7010 Kazakhstan
90%
A 6962 Argentina
87%
C 6893 Chile
87%
C 5956 Canada
85%
E 6267 Ecuador
84%
P 6768 Peru
84%
U 6190 United States
84%
B 6542 Bolivia
82%
D/C 5109 DR Congo
81%
C 5730 Colombia
79%
G 5193 Georgia
79%
I 4884 Indonesia
79%
K 5199 Kenya
79%
M 5636 Mexico
79%
R 5642 Russia
79%
V 4981 Venezuela
79%
A 4466 Azerbaijan
78%
F 4810 France
78%
I 5610 Iran
78%
I 4810 Italy
78%
S 4634 Switzerland
78%
T 5895 Tanzania
78%
T 5137 Turkey
78%
U 5109 Uganda
78%
A 4090 Armenia
76%
E 4543 Ethiopia
76%
M 5881 Myanmar
76%
R 4519 Rwanda
76%
U 4643 Uzbekistan
76%
M 4356 Mongolia
75%
G 4220 Guatemala
73%
M 4167 Morocco
73%
J 3776 Japan
70%
Y 3666 Yemen
70%
A 3798 Austria
69%
M 4095 Malaysia
67%
O 3018 Oman
66%
V 3142 Vietnam
64%
P 4509 Papua New Guinea
61%
C 4040 Cameroon
58%
I 3611 Iraq
57%
P 3474 Panama
57%
S 3718 Spain
57%
D 3098 Dominican Republic
55%
C 3819 Costa Rica
54%
B 2995 Brazil
52%
N 3724 New Zealand
52%
T 3139 Turkmenistan
52%
E 3018 Eritrea
49%
H 2849 Honduras
49%
Z 2592 Zimbabwe
49%
L 3088 Lebanon
48%
L 3482 Lesotho
48%
C 3445 Chad
46%
G 2962 Germany
46%
S 3451 South Africa
46%
S 3187 South Sudan
46%
S 3012 Sudan
46%
T 3951 Taiwan
46%
H 2674 Haiti
45%
Q 103 Qatar
42%
L 2830 Laos
40%
F/M 780 Micronesia
40%
S 3002 Saudi Arabia
40%
A 2943 Andorra
39%
G 2918 Greece
39%
N 65 Nauru
39%
R 2544 Romania
39%
T 5 Tuvalu
39%
Z 2339 Zambia
39%
A 2908 Algeria
37%
K 81 Kiribati
37%
K 2660 Kosovo
37%
M 3 Maldives
37%
P 2954 Philippines
37%
R/C 1020 Republic of the Congo
37%
V 78 Vatican City
37%
B 2925 Bulgaria
36%
J 2256 Jamaica
36%
S 2864 Slovenia
36%
I/C 1752 Ivory Coast
34%
J 1854 Jordan
34%
U 2061 Ukraine
34%
D 171 Denmark
33%
L 2599 Liechtenstein
33%
N 2744 North Korea
33%
S 2654 Slovakia
33%
A 2764 Albania
31%
E 2963 East Timor
31%
E 2730 El Salvador
31%
F 1324 Finland
31%
H 1014 Hungary
31%
M 3002 Malawi
31%
M 10 Marshall Islands
31%
P 2499 Poland
31%
E/S 1862 Eswatini
30%
F 1324 Fiji
30%
N 2469 Norway
30%
T 2565 Thailand
30%
E 3008 Equatorial Guinea
28%
N 2764 North Macedonia
28%
E 2629 Egypt
27%
I 2110 Iceland
27%
A 2228 Australia
25%
B 134 Bahrain
25%
E 318 Estonia
25%
G 2772 Guyana
25%
L 312 Latvia
25%
L 294 Lithuania
25%
N 321 Netherlands
25%
N 2419 Nigeria
25%
P 242 Palau
25%
P 2351 Portugal
25%
V 1879 Vanuatu
25%
A 2620 Angola
24%
B 2670 Burundi
24%
D 2021 Djibouti
24%
I 2222 Israel
24%
M 2876 Madagascar
24%
M 162 Monaco
24%
S 2814 Syria
24%
U 1892 United Arab Emirates
24%
U 1345 United Kingdom
24%
G 62 Gambia
22%
K 291 Kuwait
22%
L 2266 Libya
22%
L 560 Luxembourg
22%
M 2525 Montenegro
22%
U 514 Uruguay
22%
I 1039 Ireland
21%
M 2436 Mozambique
21%
N 2573 Namibia
21%
B 63 Bahamas
19%
B 694 Belgium
19%
N 2106 Nicaragua
19%
S 2169 Serbia
19%
S 2097 Sweden
19%
B 2386 Bosnia and Herzegovina
18%
C 1603 Czech Republic
18%
T 1544 Tunisia
18%
B 345 Belarus
16%
M 253 Malta
16%
P 842 Paraguay
16%
A 402 Antigua and Barbuda
15%
B 340 Barbados
15%
C 1831 Croatia
15%
D 1447 Dominica
15%
G 1752 Guinea
15%
N 2022 Niger
15%
S 2460 Somalia
15%
C 2829 Cape Verde
13%
S 2524 Sri Lanka
13%
G 262 Guinea Bissau
12%
M 430 Moldova
12%
S 176 Singapore
12%
T 980 Togo
12%
B 1850 Brunei
10%
C 1813 Cambodia
10%
C 1410 Central African Republic
10%
M 915 Mauritania
10%
S 1950 South Korea
10%
C 2361 Comoros
9%
C 1974 Cuba
9%
C 1951 Cyprus
9%
G 907 Ghana
9%
G 840 Grenada
9%
L 1420 Liberia
9%
M 1155 Mali
9%
S 638 Senegal
9%
S 2335 Solomon Islands
9%
B 1052 Bangladesh
7%
B 1494 Botswana
7%
B 747 Burkina Faso
7%
S 1234 Saint Vincent
7%
S 1230 Suriname
7%
B 1174 Belize
6%
B 658 Benin
6%
G 1070 Gabon
6%
M 828 Mauritius
6%
S 1858 Samoa
6%
S 1945 Sierra Leone
6%
T 1109 Tonga
6%
T 940 Trinidad and Tobago
6%
S 1156 Saint Kitts
4%
S 950 Saint Lucia
4%
S 2024 São Tomé and Príncipe
4%
S 905 Seychelles
4%
S 739 San Marino
3%
No matching quizzes found
Score Distribution
Percent of People with Each Score
Percentile by Number Answered
Your Score History
You have not taken this quiz